Diskrétne riadenie

Uložené v:
Podrobná bibliografia
Hlavný autor: Maász, Ján (Autor)
Ďalší autori: Paulusová, Jana (Vedúci práce)
Médium: Rukopis Kniha
Jazyk:Slovak
Vydavateľské údaje: 2019
Predmet:
On-line prístup:http://is.stuba.sk/zp/portal_zp.pl?podrobnosti=123921
Tagy: Pridať tag
Žiadne tagy, Buďte prvý, kto otaguje tento záznam!

MARC

LEADER 00000ntm a22000003a 4500
001 stuzp66454
003 SK-STU
005 20190718141017.4
007 ta
008 150427s2015----xo-----f-mn---000-0-slo-d
040 |a STU  |b slo 
041 0 |a slo 
044 |a xo 
100 1 |a Maász, Ján  |u 031000  |4 aut  |U FEI Fakulta elektrotechniky a informatiky  |T FEI Ústav robotiky a kybernetiky  |X 80521  |U E011  |Y 356  |7 80521 
242 0 1 |a Discrete Control  |y eng 
245 1 0 |a Diskrétne riadenie 
260 |c 2019 
300 |a 47 s.,  |b CD-ROM 
650 4 |a diskrétne riadenie  |2 slo 
650 4 |a regulátor  |2 slo 
650 4 |a PSD  |2 slo 
650 4 |a pole placement  |2 slo 
650 4 |a PSD  |2 eng 
650 4 |a discrete control  |2 eng 
650 4 |a controller  |2 eng 
650 4 |a pole placement  |2 eng 
700 1 |a Paulusová, Jana  |u 031000  |k Z1  |4 ths  |U FEI Fakulta elektrotechniky a informatiky  |T FEI Ústav robotiky a kybernetiky  |X 4953  |U E011  |Y 356  |7 A000004953 
856 4 |u http://is.stuba.sk/zp/portal_zp.pl?podrobnosti=123921 
996 |b 284ER02868  |c E*Bc- 2868  |l EE31  |s P  |a 0  |w stuzp66454_0001